LEADER 01460nas 2200421-- 450 001 996216508703316 005 20230321203646.0 035 $a(CKB)110978977561893 035 $a(CONSER)---79642281- 035 $a(DE-599)ZDB2172324-2 035 $a(EXLCZ)99110978977561893 100 $a20790219a19789999 --- a 101 0 $ager 200 00$aWiener slawistischer Almanach 210 $aFrankfurt am Main [etc.]$aNew York$cP. Lang 215 $a1 online resource 300 $aVols. 75, 77, and 79 contain papers from the 2013-2015 Konstanzer Slavistisches Arbeitstreffen. 300 $aSome vols. have also a distinctive title. 300 $aPublished in Wien by A.A. Hansen-Löve et al., 1978- 311 08$aPrint version: Wiener slawistischer Almanach. 0258-6819 (DLC) 79642281 (OCoLC)4668662 531 0 $aWien. slaw. Alm. 606 $aSlavic philology$vPeriodicals 606 $aFilologie$2gtt 606 $aSlavische talen$2gtt 606 $aSlavic philology$2fast$3(OCoLC)fst01120745 608 $aPeriodicals.$2fast 615 0$aSlavic philology 615 17$aFilologie. 615 17$aSlavische talen. 615 7$aSlavic philology. 676 $a491.805 701 $aHansen-Löve$b Aage Ansgar$0471166 712 12$aKonstanzer Slavistisches Arbeitstreffen. 906 $aJOURNAL 912 $a996216508703316 920 $aexl_impl conversion 996 $aWiener slawistischer Almanach$92167128 997 $aUNISA